Sabrina Carpenter - Paroles Such a Funny Way - Statistiques

Statistiques générales
  • Ce quiz a été pris 14 fois
  • Le résultat moyen est 206 sur 286
Statistiques - réponses
Hint Réponse % Correct
a
100%
funny
100%
Funny
100%
and
88%
And
88%
at
88%
Outro You
88%
do,
88%
do
88%
don't
88%
"Don't
88%
drinking,
88%
every
88%
have
88%
home
88%
"I
88%
I
88%
I'm
88%
it
88%
know
88%
laugh
88%
oh,
88%
Oh,
88%
so
88%
So
88%
something
88%
such
88%
that
88%
time
88%
to
88%
To
88%
way
88%
you
88%
Refrain You
88%
you"
88%
you,
88%
your
88%
you're
88%
cry
75%
everybody
75%
how
75%
love
75%
me
75%
me,
75%
Couplet 2 My
75%
my
75%
of
75%
out
75%
single
75%
this
75%
baby,
63%
baby
63%
be
63%
but
63%
call
63%
day,
63%
day
63%
for
63%
friends
63%
from
63%
girl
63%
go
63%
Bridge It's
63%
knows
63%
not
63%
saying,
63%
the
63%
tryin'
63%
want
63%
we
63%
When
63%
again"
50%
again
50%
busy
50%
'cause
50%
coincidence,
50%
contact
50%
died
50%
family,
50%
grandma
50%
honey,
50%
in
50%
just
50%
Just
50%
kill
50%
Kill
50%
long
50%
lovely
50%
met,
50%
Couplet 1 Must
50%
night
50%
replyin'
50%
returning
50%
said,
50%
sentiment,
50%
show
50%
strange
50%
sure
50%
sweet
50%
that's
50%
what
50%
would
50%
condolences,
38%
distance
38%
gets
38%
if
38%
makes
38%
many
38%
more
38%
much,
38%
one
38%
send
38%
sweater
38%
thrill
38%
through
38%
ways
38%
words
38%
by
25%
calls
25%
far
25%
Forgetting
25%
Keep
25%
phone
25%
quirks
25%
seek
25%
Yeah,
25%
flattered
13%
fonder,
13%
Aucun quiz correspondant
Distribution des résultats
% des personnes avec chaque résultat
Percentile par nombre de réponses
Votre historique - résultats
Vous n’avez pas pris ce quiz